Catalog

Record Details

Catalog Search



Available copies

  • 1 of 1 copy available at LARL/NWRL Consortium.
  • 1 of 1 copy available at Lake Agassiz Regional Library. (Show preferred library)

Current holds

0 current holds with 1 total copy.

Show Only Available Copies
Location Call Number / Copy Notes Barcode Shelving Location Status Due Date
Moorhead Public Library BRO (Text) 33500009276734 Main Available -

Record details

  • ISBN: 9780595409679 (pbk.)
  • ISBN: 0595409679 (pbk.)
  • Physical Description: 195 p. ; 23 cm.
  • Publisher: New York : iUniverse, Inc., c2006.
LDR 00810nam a2200229Ia 4500
00179512
003LARL_NWRL_CONSORTIUM
00520070426092449.0
008061213s2006 nyu 000 1 eng d
020 . ‡a9780595409679 (pbk.)
020 . ‡a0595409679 (pbk.)
035 . ‡a(OCoLC)76962422
040 . ‡aCRM ‡cCRM
1001 . ‡aBrown, Chuck. ‡0(LARL_NWRL_CONSORTIUM)205151
24510. ‡aBarn dance : ‡ba novel / ‡cChuck Brown.
260 . ‡aNew York : ‡aLincoln, NE : ‡biUniverse, Inc., ‡cc2006.
300 . ‡a195 p. ; ‡c23 cm.
901 . ‡a79512 ‡bOCLC ‡c79512 ‡tbiblio

Additional Resources